000 00678nam a2200265Ia 4500
001 33722
005 20240114001659.0
007 ta
008 061230s1892 g b000 u 465 u
040 _aCotton College,Assam
041 _a465
082 _a425.2
_bK 289 H
100 _aKellner, Leon .
245 0 _aHistorical Outlines of English Syntax /
_cLeon Kellner.
_hTextual Documents
250 _a1st ed. /
260 _aNew York :
_bMacmillan and co ,
_c1892.
300 _a336p. ;
_c18cm.
504 _aIndex
653 _aEnglish Syntax
653 _aSyntax
653 _aG-Languages
942 _2ddc
_cBK
999 _c33704
_d33704